书目信息 |
| 题名: |
眼科疾病诊疗流程
|
|
| 作者: | 张文涛 , 李毅 , 王双连 主编 | |
| 分册: | ||
| 出版信息: | 北京 科学技术文献出版社 2007.11 |
|
| 页数: | 349页 | |
| 开本: | 21cm | |
| 丛书名: | 临床疾病诊疗流程丛书 | |
| 单 册: | ||
| 中图分类: | R711 | |
| 科图分类: | ||
| 主题词: | 眼病--yan bing--诊疗 | |
| 电子资源: | ||
| ISBN: | 978-7-5023-5804-4 | |
| 000 | 01023nam 2200277 450 | |
| 001 | 012008436452 | |
| 005 | 20080508084457.07 | |
| 010 | @a978-7-5023-5804-4@dCNY18.00 | |
| 100 | @a20080508d2007 em y0chiy0120 ea | |
| 101 | 0 | @achi |
| 102 | @aCN@b110000 | |
| 105 | @ay z 000yy | |
| 106 | @ar | |
| 200 | 1 | @a眼科疾病诊疗流程@Ayan ke ji bing zhen liao liu cheng@f张文涛, 李毅, 王双连主编@Fzhang wen tao,li yi,wang shuang lian zhu bian |
| 210 | @a北京@c科学技术文献出版社@d2007.11 | |
| 215 | @a349页@d21cm | |
| 225 | 2 | @a临床疾病诊疗流程丛书@Alin chuang ji bing zhen liao liu cheng cong shu |
| 330 | @a本书重点论述了眼科常见疾病的诊疗过程,设计疾病110余种,书中从医生接触患者的角度,对每一种疾病的诊疗过程进行了清晰的阐述。 | |
| 410 | 0 | @12001 @a临床疾病诊疗流程丛书 |
| 606 | 0 | @a眼病@Ayan bing@x诊疗 |
| 690 | @aR711@v4 | |
| 701 | 0 | @a张文涛@Azhang wen tao@4主编 |
| 701 | 0 | @a李毅@Ali yi@4主编 |
| 701 | 0 | @a王双连@Awang shuang lian@4主编 |
| 801 | 0 | @aCN@bQSSK@c20080508 |
| 905 | @b707434-35@dR711@eZ196@f2 | |
| 眼科疾病诊疗流程/张文涛, 李毅, 王双连主编.-北京:科学技术文献出版社,2007.11 |
| 349页;21cm.-(临床疾病诊疗流程丛书) |
| ISBN 978-7-5023-5804-4:CNY18.00 |
| 本书重点论述了眼科常见疾病的诊疗过程,设计疾病110余种,书中从医生接触患者的角度,对每一种疾病的诊疗过程进行了清晰的阐述。 |
| ● |
| 相关链接 |
|
|
|
正题名:眼科疾病诊疗流程
索取号:R711/Z196
 
预约/预借
| 序号 | 登录号 | 条形码 | 馆藏地/架位号 | 状态 | 备注 |
| 1 | 707434 | 207074342 | 自科库401/401自科库 20排1列3层/ [索取号:R711/Z196] | 在馆 | |
| 2 | 707435 | 207074351 | 自科库401/401自科库 20排1列3层/ [索取号:R711/Z196] | 在馆 |